<?xml version="1.0" encoding="UTF-8"?>
<marc:record xmlns:marc="http://www.loc.gov/MARC21/slim">
   <marc:leader>00000nam a2200000 a 4500</marc:leader>
   <marc:datafield ind1="1" ind2=" " tag="100">
      <marc:subfield code="a">Schmidt, Dirk</marc:subfield>
      <marc:subfield code="4">aut</marc:subfield>
      <marc:subfield code="e">Verfasser/-in</marc:subfield>
   </marc:datafield>
   <marc:datafield ind1=" " ind2=" " tag="653">
      <marc:subfield code="a">Antolin</marc:subfield>
   </marc:datafield>
   <marc:datafield ind1=" " ind2=" " tag="653">
      <marc:subfield code="a">Klasse-1</marc:subfield>
   </marc:datafield>
   <marc:datafield ind1=" " ind2=" " tag="653">
      <marc:subfield code="a">Klasse-2</marc:subfield>
   </marc:datafield>
   <marc:datafield ind1="0" ind2="0" tag="245">
      <marc:subfield code="a">Kamfu mir helfen?</marc:subfield>
   </marc:datafield>
   <marc:datafield ind1="0" ind2="0" tag="245">
      <marc:subfield code="b">ab 4 Jahren</marc:subfield>
   </marc:datafield>
   <marc:datafield ind1=" " ind2="1" tag="264">
      <marc:subfield code="b">Kunstmann</marc:subfield>
      <marc:subfield code="c">2009</marc:subfield>
   </marc:datafield>
   <marc:datafield ind1="1" ind2=" " tag="520">
      <marc:subfield code="a">»Kamfu mir helfen?« diese bezaubernde Geschichte werden die Kinder lieben. Der Elefant ist lädiert, hat eine krumme und geschwollene Nase und deswegen einen Sprachfehler: Kamfu mir helfen?, fragt er den Ameisenbär, der auch schon mal Probleme mit seinem Rüssel hatte, und das Schwein. Die beiden tun ihr Bestes, aber es hilft nichts. Erst die kleine Fliege hat eine Idee... Dirk Schmidt hat diese heitere, gereimte Geschichte von Barbara Schmidt herrlich illustriert und wunderbare Charaktere geschaffen. Der kleine Elefant und seine Freunde Amei­senbär, Schwein und Fliege werden die Kinderzimmer erobern wie der kleine Maulwurf, dem jemand auf den Kopf gemacht hat. Ein Elefant ist hingeflogen und hat den Rüssel sich verbogen. Wie kriegt er ihn nur wieder grad? Drei Experten wissen Rat.</marc:subfield>
   </marc:datafield>
   <marc:datafield ind1=" " ind2=" " tag="020">
      <marc:subfield code="a">9783888975684</marc:subfield>
      <marc:subfield code="9">9783888975684</marc:subfield>
   </marc:datafield>
</marc:record>
